000 00804nam a2200253Ia 4500
003 OSt
005 20220918171450.0
006 a|||||r|||| 00| 0
007 ta
008 220917b |||||||| |||| 00| 0 eng d
020 _a9781839825934 (hbk)
_cUKP 65.00
024 _a354,912
037 _b62531, 14/12/2021, Segment Book Distributors
_cTextual
040 _aARTS
_cARTS
_beng
041 _2eng
_aeng
082 _aX:8, R1
100 _aKuklenski Jennifer Au.
_936781
245 0 _aDiversity and organizational development
_b impacts and opportunities
260 _aBingley
_bEmerald UK
_c2021
300 _axiv,146p.
_ccm.
650 _aECONOMICS
942 _hX:8, R1
_cTEXL
_2CC
999 _c139692
_d139692